000 00616cam a22002053a 4500
001 44325
003 PGUSA
005 20140828084019.0
008 131201s2013||||xxu|||||s|||||000 | eng d
040 _aPGUSA
_beng
042 _adc
100 1 _aAdams, Samuel Hopkins,
_d1871-1958
245 1 4 _aThe Great American Fraud :
_bThe Patent Medicine Evil
_h[electronic resource] /
_cSamuel Hopkins Adams
260 _bProject Gutenberg,
_c2013
506 _aPublic domain in the USA.
516 _aElectronic text
830 0 _aProject Gutenberg
_v44325
856 4 0 _uhttp://www.gutenberg.org/ebooks/44325
942 _cEB
999 _c273576
_d273576